000
00314nam a2200145Ia 4500
008
210210b1989 xxu||||| |||| 00| 0 eng d
082
_a
530 TIPP
100
_a
TIPLER (Paul A).
245
_a
Physics.
260
_a
NY
_b
C B S
_c
1989
300
_a
1026
650
_a
Physics
690
_a
Physics
906
_a
043653
999
_c
93297
_d
93297